1087 1889 1993 1275 1319 1720 1837 1895 1821 1228 1726 1420 1118 1123 1004 1927 1413 1548 1121 1543 1838 1631 1790 1810 1759 1192 1714 1370 1981 1128 1940 1077 1871 1759 1449 1432 1565 1962 1589 1966 1810 1833 1770 1355 1696 1736 1539 1988 1439 1401 1047 1175 1898 1967 1909 1835 1089 1241 1871 1610 1080 1201 1158 1030 1935 1486 1265 1593 1799 1649 1492 1425 1151 1440 1264 1589 1395 1965 1980 1151 1426 1896 1299 1855 1048 1806 1988 1120 1898 1160 1611 1506 1540 1559 1466 1433 1348 1584 1817 BCNSPRNW ULIB Ver.6.0+V

เปลี่ยนเป็นภาษาไทย

Change to English
 แสดงรายละเอียดบรรณานุกรม
  กลับหน้าหลัก

Brief Record : Get Marc (ISO 2709) : E-mail record : QR code < ปิดหน้าต่าง
LEADER : 00000nas 2200000uu 4500
001    13399122287
003     ULIB
008    130204s2555||||th 000 0 tha d
022    ^a08591954
110    ^aโรงพยาบาลจิตเวชนครราชสีมาราชนครินทร์
245    ^aวารสารโรงพยาบาลจิตเวชนครราชสีมาราขนครินทร์ /^cโรงพยาบาลจิตเวชนครราชสีมาราชนครินทร์
260    ^aนครราชสีมา :^bโรงพยาบาลจิตเวชนครราชสีมาราชนครินทร์,^cม.ป.ป.
310    ^aราย 6 เดือน
850    ^aปีที่ 12
945    ^p0^l0^i901047
999    ^aเกษร
รายการนี้ยังไม่มีแท็ก
คุณยังไม่ได้ล็อกอิน คุณสามารถมีกิจกรรมร่วมกับเว็บไซต์ได้ แต่ต้องล็อกอินก่อน ::
  ล็อกอิน

รายการสื่อสารสนเทศ (วารสาร)

ดูแบบ: กล่อง รายการ
ARRIVED
ปีที่ 12
สถานที่: ห้องสมุดวิทยาเขตสวรรค์ประชารักษ์ >วารสาร

BibComment


ยังไม่เคยถูกคอมเมนท์

คอมเมนท์ทรัพยากรรายการนี้
  คอมเมนท์: วารสารโรงพยาบาลจ..


 Copyright 2026. Bcnsprnw @Library